Quizzes
Events
Quiz Creation
Community
Videos
Private Events
Remove Ads
Sign In
Join for FREE
Feedback
Dark Mode
Quiz Categories
Sports
Geography
Music
Movies
Television
Just For Fun
Miscellaneous
History
Literature
Language
Science
Gaming
Entertainment
Religion
Holiday
For Kids
Quiz Lab
Recent
Popular Today
Quiz Kudos Today
Editor Picks
Curator Picks
Quizzes by...
Day
Popularity
Type
Ratings
Length
Year
Community
Subscriptions
Recent Discussions
Orange Saloon
Badges
Playlists
Quests
Create
Leaderboards
Showdown
Live 5
Trivia Bingo
Activity
Puzzle Library
Sporcle Events
Private Events
Virtual Trivia
Globe League
Become a Host
Pub Owners
SporcleCon
Opinionation
Our Games
Videos
Blog
Mobile Apps
Partnerships
Remove Ads and Go Orange
Feedback
Movies
Disney
Marvel Cinematic Universe
Movie Resume
Movie Titles
Oscar
Actor
Actress
Director
Pixar
Role
Movie Quotes
Movie Characters
Box Office
Nominee
Best Picture
Star Wars
James Bond
Horror Movies
Movies
Disney
Marvel Cinematic Universe
Movie Resume
Movie Titles
Oscar
Actor
Actress
Director
Pixar
Role
Movie Quotes
Movie Characters
Box Office
Nominee
Best Picture
Star Wars
James Bond
Horror Movies
Random Quiz
Search Sporcle
×
Quiz Lab
Quiz Lab
Movies
Oscar
Type in answers that appear in a list
Type in answers that appear in a list
Classic
Best Score? Go Orange.
Most Oscars Won in a Given Year (1990-2013) Stats
Can you name the Most Oscars Won in a Given Year (1990-2013)
By
TBI
6m
29 Questions
158 Plays
158 Plays
158 Plays
Comments
Comments
Give Quiz Kudos
Give Quiz Kudos
-
- Ratings
hide this ad
Replay
Link that replays current quiz
Next Quiz
Link to next quiz in quiz playlist
You Got
0%
They Got
Avg Score
74%
Avg Friend Score
Upgrade to see
Score Distribution
Jump to the score distribution portion of the page
Score
0/29
Timer
06:00
0
Plays Today
Hint
Answer
% Correct
Most Oscars of 1997
Titanic
95.6%
Most Oscars of 1994
Forrest Gump
91.1%
Most Oscars of 2003
The Lord of the Rings: The Return of the King
90.5%
Most Oscars of 2005 #1
Crash
88.6%
Most Oscars of 2013
Gravity
88%
Most Oscars of 1999
American Beauty
87.3%
Most Oscars of 2000
Gladiator
86.7%
Most Oscars of 2009
The Hurt Locker
85.4%
Most Oscars of 2008
Slumdog Millionaire
84.8%
Most Oscars of 1998
Shakespeare in Love
83.5%
Most Oscars of 2011 #1
The Artist
83.5%
Most Oscars of 1991
The Silence of the Lambs
82.3%
Most Oscars of 1993
Schindler's List
82.3%
Most Oscars of 1995
Braveheart
81.6%
Most Oscars of 2010 #1
The King's Speech
81.6%
Hint
Answer
% Correct
Most Oscars of 2001 #1
A Beautiful Mind
81%
Most Oscars of 1996
The English Patient
79.7%
Most Oscars of 2006
The Departed
79.7%
Most Oscars of 2007
No Country for Old Men
79.7%
Most Oscars of 2002
Chicago
79.1%
Most Oscars of 1992
Unforgiven
78.5%
Most Oscars of 2005 #2
Brokeback Mountain
77.2%
Most Oscars of 2001 #2
The Lord of the Rings: The Fellowship of the Ring
70.9%
Most Oscars of 2004
The Aviator
60.1%
Most Oscars of 2012
Life of Pi
55.7%
Most Oscars of 2011 #2
Hugo
52.5%
Most Oscars of 2010 #2
Inception
42.4%
Most Oscars of 2005 #3
Memoirs of a Geisha
19%
Most Oscars of 2005 #4
King Kong
19%
Quiz Playlist
Details
Report
Send in Message
Add To Playlist
Classic:
Type in answers that appear in a list
Last Updated: Feb 16, 2017
Quiz Scoreboard
CHALLENGE
Sign Up to Join the Scoreboard
Show All
Scores
Hide
Comments
May contain spoilers
Recently Published
9x9 Crossword: Cartoon Network
by jackfrog10
Miscellaneous
3m
College Basketball Coaching Resumes
by pancakes188
Sports
9m
Billboard Blitz: Fleetwood Mac
by CooCooCachoo
Music
15s
More to Explore
Quiz From the Vault
Featured Blog Post
Where Did the Easter Bunny Come From?
hide this ad
You Might Also Like...
Tags
Oscar Quiz
Movie Award
Oscar Winners
Today's Top Quizzes in Movies
Browse Movies
hide this ad
Today's Top Quizzes in Oscar
Browse Oscar
Top Contributed Quizzes in Movies
1
Pick 5 Posters: Directed by Spielberg
2
7-to-1: Pixar Characters
3
Pick 5 Posters: Lowest-Rated Spielberg
4
Sorting Actors
5
Sorting Actresses
6
Pick 5 Posters: Directed by Scorsese
7
Pick 5 Posters: Star & Director
8
Pick 5 Posters: Women Directed 2020s
9
12 Movies about Fictional 1960s Events
10
Multi-Oscar Nominations, One Movie, One Winner
Explore More
Trending Topics
NBA
Kpop
Harry Potter
Anime
Crossword
Disney
Marvel
Pokémon
Soccer
The Office
Country
WWE
NFL
Puzzle
Song
hide this ad
More By:
TBI
Quiz
Plays
Rating
Category
Featured
Created
Pokemon Dual Types That Don't Exist (through 6th gen)
243
4.33
Gaming
Mar 17, 2014
Most Oscars Won in a Given Year (1990-2013)
158
3.40
Movies
Mar 8, 2014
OSCARS: Best Visual Effects Winners (1991-2013)
108
2.00
Movies
Mar 6, 2014
Go to Creator's Profile
Score Distribution
Quiz Creator Spotlight
TBI
Follow
Send a Message
Quizzes Created
-
Created Quiz Play Count
-
More By This Creator
Popular Quizzes Today
1
Find the US States - No Outlines Minefield
2
Find the Countries of Europe - No Outlines Minefield
3
The Countries of the World
4
Find the US States
5
Risky Map Clicking: Biggest States A-Z
6
US States
7
Popular People in 1961
8
Movies - When Are They Set?
More Movies Quizzes
MCU Villains by Total Screen Time
Published
Trending Quizzes
Risky Map Clicking: Least Populous States A-Z
1-10 Letter G Words
1-10 Letter F Words
Risky Map Clicking: Next State Alphabetically
Adjectives in 80s TV Shows
Recently Updated
Leaping Animals
pecheneg
Reality TV Shows (A-Z)
bhenderson79
Rickey Henderson's Hall of Fame Teammates
pecheneg
Champions League XIs: Arsenal
pecheneg
Quick Pick: Celebrities in WWE's Hall of Fame
aduchscher
A-Z Keypad Blitz II
pecheneg
Multiple Oscar Actors
pecheneg
Mystery Phrase Blitz: Oscar 'Best Actors'
pecheneg
F. Scott Fitzgerald Novels
LTH
Pick 3 Villains
ddd62291
Trending Topics
Anime
Harry Potter
Disney
NBA
Marvel
Crossword
Kpop
Country
NFL
Soccer
The Office
Puzzle
WWE
Song
Pokémon
Your Account Isn't Verified!
In order to create a playlist on Sporcle, you need to verify the email address you used during registration. Go to your
Sporcle Settings
to finish the process.
Report this User
Report this user for behavior that violates our
Community Guidelines
.
Details:
Send Report
Go to the Sporcle.com Mobile Site →
Comments